| 000 | 00353 a2200157 4500 | ||
|---|---|---|---|
| 001 | 71643 | ||
| 020 | _a | ||
| 040 | _cAnchieta - Colégio São Paulo | ||
| 100 | _aLima, José Américo de | ||
| 240 | 1 | 0 |
_aUm sonho de Natal _lpor |
| 245 | 1 | 0 | _aUm sonho de Natal |
| 300 | _a19 | ||
| 362 | 0 | _a1993 | |
| 650 | 4 | _aLiteratura infanto-juvenil | |
| 942 | _cBK | ||
| 999 |
_c71643 _d71643 |
||